Wskaż intruza – pierwiastki chemiczne - Statystyki

Ogólne statystyki
  • Ten quiz został rozwiązany 14 razy
  • Średni wynik to 7 z 15
Statystyki odpowiedzi
Zagadnienie Odpowiedź % Poprawnych
Gazy szlachetne neodym
100%
Metale szlachetne brąz
92%
Pierwiastki o jednoliterowym symbolu chlor
92%
Metale, które nie topią się w temperaturze 2000°C cynk
62%
Gazy w temperaturze pokojowej jod
62%
Pierwiastki o łacińskiej nazwie bardzo podobnej do polskiej antymon
54%
Metale ziem rzadkich kiur
46%
Metale alkaliczne wapń
46%
Pierwiastki odkryte przez Humphry'ego Davy'ego beryl
38%
Pierwiastki biogenne krzem
38%
Pierwiastki anoniotwórcze (samodzielnie) bor
31%
Pierwiastki znane w starożytności kobalt
23%
Chromowce osm
23%
Pierwiastki, których nazwa (polska lub inna) jest powiązana z nazwą państwa ren
23%
Pierwiastki o elektroujemności poniżej 2,0 złoto
8%
Nie znaleziono quizów pasujących do podanych kryteriów
Rozkład punktacji
Procent ludzi z każdym wynikiem
Percentyl według liczby udzielonych odpowiedzi
Twoja historia wyników
Nie rozwiązałeś tego quizu